| 000 | 00427nam a2200121Ia 4500 | ||
|---|---|---|---|
| 008 | 220615s9999||||xx |||||||||||||| ||und|| | ||
| 245 | 0 | _aCultural Values and Human Ecology in Southeast Asia | |
| 546 | _aEnglish[eng] | ||
| 650 | _aSociology and anthropology | ||
| 700 | _aHutterer, Karl L.||Terry Rambo, A.||Lovelace, George | ||
| 856 | _uhttps://library.oapen.org/bitstream/20.500.12657/41855/1/9780472902293.pdf | ||
| 942 | _cEB | ||
| 999 |
_c16916 _d16916 |
||